00434nam a2200169Ia 4500003000400000005001700004008004100021020001800062050002700080100002100107245004700128260003500175300003300210440000600243521000700249526000800256OSt20140319093229.0140130s9999 xx 000 0 und d a9780439869393 aPZ 7b.Si58625Cof 2006 aSilverman, Erica cErica Silverman.aCowgirl kate and cocoa / bScholastic,c2006.aNew York : a40 p. :bcol. ill. ;c24 cm. v1 aG2 c400